Score 0/20 Timer 06:00
8 Plays Today
% Correct
Count Dracula
89.5%
Oliver Twist
88.6%
Carrie White
84.6%
Katniss Everdeen
82.7%
Jay Gatsby
76.3%
Matilda Wormwood
73.4%
Robert Langdon
69.7%
Jean Valjean
68.4%
Phileas Fogg
67.1%
George Milton
59.7%
% Correct
Doctor Zhivago
55.7%
Perry Mason
55.5%
Randle Patrick McMurphy
51.1%
Martin Brody
47.5%
Kinsey Millhone
47.1%
Humbert Humbert
45.9%
Holden Caulfield
45%
Billy Pilgrim
32.2%
Josef K
30.3%
Homer Wells
28.7%
Remove Ads.
Support Sporcle.
Get the best of Sporcle when you Go Orange. This ad-free experience offers more features, more stats, and more fun while also helping to support Sporcle. Thank you for becoming a member.

You're not logged in!

Compare scores with friends on all Sporcle quizzes.
OR
Log In

Show Comments

Extras

Top Quizzes Today


Score Distribution

Your Account Isn't Verified!

In order to create a playlist on Sporcle, you need to verify the email address you used during registration. Go to your Sporcle Settings to finish the process.

Report this User

Report this user for behavior that violates our Community Guidelines.

Details: